[Event "308th YMCA Autumn C"]
[Site "Warsaw"]
[Date "2025.10.17"]
[Round "4"]
[White "Marczukiewicz, Slawomir"]
[Black "Alvarado, Luis"]
[Result "0-1"]
[WhiteElo "1658"]
[BlackElo "1730"]
[PlyCount "84"]
[EventDate "2025.09.23"]
[EventType "tourn"]
[EventRounds "1"]
[EventCountry "POL"]
[SourceDate "2025.09.23"]

1. c4 e5 2. Nc3 Nf6 3. e4 Bb4 4. d3 c5 5. Nf3 Nc6 6. Be2 d6 7. O-O Bg4 8. Nd5
Bxf3 9. Bxf3 Nxd5 10. cxd5 Nd4 11. g3 O-O 12. Bg2 f5 13. f4 fxe4 14. dxe4 Qd7
15. Be3 Ba5 16. Rc1 Rac8 17. Kh1 Bd8 18. fxe5 dxe5 19. Rxf8+ Kxf8 20. Qf1+ Qf7
21. Bxd4 exd4 22. Qb5 a6 23. Qb3 Bf6 24. Rf1 Qe7 25. Qc2 Kg8 26. Bh3 Re8 27.
Be6+ Kh8 28. Qe2 Qd6 29. Qg4 d3 30. b3 b5 31. Qh5 g6 32. Qh6 Bg7 33. Qf4 Qxf4
34. gxf4 c4 35. bxc4 bxc4 36. Rd1 c3 37. e5 c2 38. Bg4 cxd1=Q+ 39. Bxd1 Bxe5
40. fxe5 Rxe5 41. Kg2 Rxd5 42. Kf2 d2 0-1

[Event "308th YMCA Autumn C"]
[Site "Warsaw"]
[Date "2025.10.22"]
[Round "5"]
[White "Kasperski, Marcin"]
[Black "Marczukiewicz, Slawomir"]
[Result "1-0"]
[WhiteElo "1724"]
[BlackElo "1658"]
[PlyCount "85"]
[EventDate "2025.09.23"]
[EventType "tourn"]
[EventRounds "1"]
[EventCountry "POL"]
[SourceDate "2025.09.23"]

1. e4 c5 2. f4 Nc6 3. Nf3 e6 4. d3 d5 5. Nc3 dxe4 6. Nxe4 Nf6 7. Qe2 Be7 8. Bd2
O-O 9. O-O-O Nd4 10. Nxd4 cxd4 11. Nxf6+ Bxf6 12. g4 Bd7 13. g5 Be7 14. Bg2 Rb8
15. Be4 Bc6 16. h4 Qb6 17. Rh3 Bb4 18. Be1 Rfd8 19. h5 Bd5 20. g6 Bxa2 21.
gxf7+ Kxf7 22. Bxb4 Qxb4 23. Bxh7 Rbc8 24. h6 gxh6 25. Qh5+ Ke7 26. Rh2 Rd5 27.
Qh4+ Kd6 28. Qe1 Qa4 29. f5 Rdc5 30. Qg3+ Kc6 31. fxe6 Bxe6 32. Be4+ Kb6 33.
Qd6+ Kb5 34. Qxe6 Rxc2+ 35. Kb1 Rxh2 36. Qd5+ Kb4 37. Qxd4+ Kb5 38. Qd5+ Kb4
39. Qxb7+ Ka5 40. Qxa7+ Kb4 41. Qb6+ Qb5 42. Qd6+ Ka4 43. Qa3# 1-0

[Event "308th YMCA Autumn C"]
[Site "Warsaw"]
[Date "2025.10.22"]
[Round "5"]
[White "Pichurko, Jakub"]
[Black "Kozera, Konrad"]
[Result "1-0"]
[WhiteElo "1714"]
[BlackElo "1558"]
[PlyCount "79"]
[EventDate "2025.09.23"]
[EventType "tourn"]
[EventRounds "1"]
[EventCountry "POL"]
[SourceDate "2025.09.23"]

1. c4 e6 2. Nc3 f5 3. g3 Nf6 4. Bg2 d5 5. cxd5 exd5 6. d3 Bc5 7. Nf3 O-O 8. O-O
Re8 9. Bg5 c6 10. Qc2 Nbd7 11. a3 Nf8 12. b4 Bd6 13. b5 Rb8 14. Rab1 Bd7 15. a4
Ng6 16. e3 h6 17. Bxf6 Qxf6 18. Nd4 Be5 19. bxc6 bxc6 20. Nde2 h5 21. d4 Bc7
22. Nxd5 Qd6 23. Nxc7 Qxc7 24. h4 Rb6 25. Rfc1 Reb8 26. Nc3 c5 27. Nd5 Bxa4 28.
Nxc7 Bxc2 29. Rxb6 axb6 30. Rxc2 cxd4 31. exd4 Rc8 32. Bb7 Rd8 33. Ne6 Rd6 34.
d5 Ne5 35. Kg2 Nd3 36. Rc7 g6 37. Rg7+ Kh8 38. Rxg6 Nc5 39. Bc6 Kh7 40. Nf8+
1-0

[Event "308th YMCA Autumn C"]
[Site "Warsaw"]
[Date "2025.10.21"]
[Round "5"]
[White "Glowacki, Mateusz"]
[Black "Wiktorowski, Janusz"]
[Result "1-0"]
[WhiteElo "1693"]
[BlackElo "1589"]
[PlyCount "103"]
[EventDate "2025.09.23"]
[EventType "tourn"]
[EventRounds "1"]
[EventCountry "POL"]
[SourceDate "2025.09.23"]

1. e4 e5 2. f4 d6 3. Bc4 Nf6 4. Nf3 Bg4 5. O-O Nxe4 6. d3 Nf6 7. fxe5 dxe5 8.
Bxf7+ Kxf7 9. Nxe5+ Kg8 10. Nxg4 Qd4+ 11. Nf2 Bd6 12. Nd2 Nbd7 13. Nf3 Qb6 14.
c3 h6 15. Qb3+ Kh7 16. Qxb6 Nxb6 17. Bd2 Rhe8 18. Rfe1 Bc5 19. d4 Bd6 20. b3
Nbd7 21. Rxe8 Rxe8 22. Re1 Rxe1+ 23. Nxe1 c5 24. Nc2 cxd4 25. Nxd4 Bc5 26. Kf1
Bxd4 27. cxd4 Kg6 28. Ke2 Kf5 29. Kd3 Ke6 30. Nh3 a6 31. Nf4+ Kf5 32. h3 h5 33.
d5 g5 34. Ne6 g4 35. Kd4 Nb6 36. Nf4 gxh3 37. gxh3 Nbd7 38. a4 Ne4 39. Be3 Nef6
40. a5 Kg5 41. Ng2+ Kg6 42. Nf4+ Kf5 43. Ne6 Ne8 44. Nc5 Nxc5 45. Kxc5 Ke5 46.
Kb6 Nd6 47. Bc5 Nb5 48. d6 Nxd6 49. Bxd6+ Kxd6 50. Kxb7 Ke5 51. Kxa6 Kf4 52.
Kb6 1-0

[Event "308th YMCA Autumn C"]
[Site "Warsaw"]
[Date "2025.10.22"]
[Round "5"]
[White "Kita, Jaroslaw"]
[Black "Gluszek, Rafal"]
[Result "0-1"]
[WhiteElo "1557"]
[BlackElo "1723"]
[PlyCount "102"]
[EventDate "2025.09.23"]
[EventType "tourn"]
[EventRounds "1"]
[EventCountry "POL"]
[SourceDate "2025.09.23"]

1. e4 e5 2. Nf3 Nc6 3. Bc4 d6 4. d4 exd4 5. Nxd4 Nf6 6. Nxc6 bxc6 7. Nc3 Be7 8.
O-O O-O 9. Re1 Nd7 10. Bb3 Nc5 11. Bc4 Bf6 12. Qf3 Be6 13. Bf1 a5 14. Bf4 Nd7
15. Rad1 Qb8 16. b3 Qb4 17. Nb1 Rfe8 18. Bd2 Ne5 19. Qg3 Qb6 20. Kh1 Ng6 21.
Be3 Qb4 22. Bd2 Qb7 23. Bc3 Bxc3 24. Nxc3 Qb4 25. Nb1 a4 26. f4 axb3 27. axb3
f5 28. Bd3 Rf8 29. h4 Ra5 30. Nd2 Bd7 31. Nf3 fxe4 32. Rxe4 Qc3 33. Ng5 Qf6 34.
Rf1 Bf5 35. Re3 h6 36. Bxf5 Qxf5 37. Nh3 Qf6 38. Ref3 Nxh4 39. R3f2 Nf5 40. Qf3
c5 41. g4 Nd4 42. Qg3 Qe6 43. g5 Qe4+ 44. Kh2 Nf5 45. Qg1 Ra2 46. Re1 Qd5 47.
gxh6 Nxh6 48. Qg6 Qf7 49. Qg5 Qf5 50. Qg2 Ng4+ 51. Kh1 Nxf2+ 0-1

[Event "308th YMCA Autumn C"]
[Site "Warsaw"]
[Date "2025.10.22"]
[Round "5"]
[White "Przybylski, Marek"]
[Black "Milczak, Piotr"]
[Result "0-1"]
[WhiteElo "1668"]
[BlackElo "1663"]
[PlyCount "116"]
[EventDate "2025.09.23"]
[EventType "tourn"]
[EventRounds "1"]
[EventCountry "POL"]
[SourceDate "2025.09.23"]

1. d4 d5 2. Nf3 Nf6 3. e3 e6 4. Bd3 Be7 5. O-O O-O 6. Nbd2 c5 7. b3 Nbd7 8. Bb2
b6 9. Ne5 Bb7 10. Rc1 Rc8 11. Ndf3 h6 12. Qe2 Rc7 13. Rfd1 Qc8 14. c4 Rd8 15.
Bb1 Nf8 16. h3 Ba6 17. Bd3 Bb7 18. Nh2 Qa8 19. f3 N6d7 20. Nhg4 Nxe5 21. dxe5
Rcd7 22. cxd5 Bxd5 23. e4 Bb7 24. Bc4 Bg5 25. Rb1 Rd2 26. Qe1 Qc8 27. g3 Qd7
28. Rxd2 Qxd2 29. h4 h5 30. hxg5 hxg4 31. Qxd2 Rxd2 32. Bc3 Rc2 33. Be1 gxf3
34. Bd3 Rxa2 35. Rd1 Rb2 36. Rb1 Rxb1 37. Bxb1 Ba6 38. Kf2 Be2 39. Bc3 Nh7 40.
Bd2 b5 41. Bc2 Nf8 42. Ke3 Nd7 43. Bc3 Nb8 44. Kd2 Nc6 45. Bd3 Kh7 46. Bxe2
fxe2 47. Kxe2 Kg6 48. Ke3 Kxg5 49. Bb2 Kg4 50. Kf2 Nb4 51. Bc3 a5 52. Ba1 a4
53. bxa4 bxa4 54. Ke2 Kxg3 55. Bb2 Kf4 56. Kd2 Kxe4 57. Kc3 Kd5 58. Kd2 Nc6 0-1

[Event "308th YMCA Autumn C"]
[Site "Warsaw"]
[Date "2025.10.24"]
[Round "5"]
[White "Momot, Glib"]
[Black "Kumik, Michal"]
[Result "1-0"]
[WhiteElo "1685"]
[BlackElo "1658"]
[PlyCount "53"]
[EventDate "2025.09.23"]
[EventType "tourn"]
[EventRounds "1"]
[EventCountry "POL"]
[SourceDate "2025.09.23"]

1. e4 e5 2. f4 exf4 3. Nf3 Nf6 4. Nc3 d5 5. exd5 Nxd5 6. Nxd5 Qxd5 7. d4 Be7 8.
Be2 g5 9. O-O Nc6 10. c4 Qf5 11. d5 Bc5+ 12. Kh1 Ne5 13. b4 Bxb4 14. Qa4+ Bd7
15. Qxb4 O-O-O 16. Rb1 b6 17. c5 g4 18. cxb6 axb6 19. Ba6+ Kb8 20. Nxe5 Ka7 21.
Bd3 Qxe5 22. Bxf4 Qxd5 23. Bxc7 Rb8 24. Bxb8+ Rxb8 25. Qa3+ Kb7 26. Ba6+ Kc7
27. Qg3+ 1-0

[Event "308th YMCA Autumn C"]
[Site "Warsaw"]
[Date "2025.10.29"]
[Round "6"]
[White "Milczak, Piotr"]
[Black "Momot, Glib"]
[Result "0-1"]
[WhiteElo "1663"]
[BlackElo "1685"]
[PlyCount "106"]
[EventDate "2025.09.23"]
[EventType "tourn"]
[EventRounds "1"]
[EventCountry "POL"]
[SourceDate "2025.09.23"]

1. d4 d5 2. Nf3 Nf6 3. c4 e6 4. Nc3 a6 5. cxd5 exd5 6. Bg5 Be7 7. e3 h6 8. Bh4
Bg4 9. Be2 c6 10. O-O Ne4 11. Bxe7 Qxe7 12. Ne5 Bxe2 13. Qxe2 Nf6 14. Qc2 Nbd7
15. Nxd7 Qxd7 16. Na4 O-O 17. Nb6 Qd6 18. Nxa8 Ng4 19. g3 Rxa8 20. Qf5 Nf6 21.
a3 Ne4 22. Rfd1 Re8 23. Rac1 Re6 24. Rc2 Qe7 25. Rd3 Rf6 26. Qc8+ Kh7 27. Rb3
Nd6 28. Qg4 Ne4 29. Qd1 Ng5 30. f4 Ne4 31. Qe1 Nd6 32. Re2 Re6 33. Qb4 Rg6 34.
Qe1 Re6 35. Rd3 Kg8 36. Qb4 Rg6 37. a4 Qe4 38. Qd2 Qe6 39. b3 Ne4 40. Qe1 Qh3
41. Rg2 Qf5 42. Qe2 Nd6 43. g4 Qe4 44. f5 Nxf5 45. Rc3 Nh4 46. Rg3 Rf6 47. Rc1
Nf3+ 48. Rxf3 $11 Rxf3 49. Re1 Qxg4+ 50. Kh1 Qe4 51. Kg1 Rf6 52. Rf1 Rg6+ 53.
Kf2 Rg2+ 0-1

[Event "308th YMCA Autumn C"]
[Site "Warsaw"]
[Date "2025.10.29"]
[Round "6"]
[White "Gluszek, Rafal"]
[Black "Przybylski, Marek"]
[Result "1-0"]
[WhiteElo "1723"]
[BlackElo "1668"]
[PlyCount "67"]
[EventDate "2025.09.23"]
[EventType "tourn"]
[EventRounds "1"]
[EventCountry "POL"]
[SourceDate "2025.09.23"]

1. d4 d5 2. Nf3 Nf6 3. g3 e6 4. Bg2 Be7 5. O-O O-O 6. c4 Nbd7 7. Nbd2 c6 8. e4
dxc4 9. e5 Nd5 10. Nxc4 N7b6 11. Nxb6 Qxb6 12. h4 Rd8 13. Ng5 f6 14. Nf3 Bd7
15. Qe2 c5 16. dxc5 Bxc5 17. a4 Rac8 18. Bd2 Bb4 19. Bxb4 Qxb4 20. exf6 gxf6
21. Rfd1 Qc4 22. Qd2 Qc2 23. Qa5 Qc5 24. Qe1 Kf7 25. Qe4 Qc2 26. Rd3 Kg7 27.
Nd4 Qxb2 28. Rad1 Rc1 29. Nxe6+ Bxe6 30. Qxe6 Rxd1+ 31. Rxd1 Nf4 32. Qe7+ Kg6
33. Rxd8 Ne2+ 34. Kh2 1-0

[Event "308th YMCA Autumn C"]
[Site "Warsaw"]
[Date "2025.11.06"]
[Round "6"]
[White "Wiktorowski, Janusz"]
[Black "Kita, Jaroslaw"]
[Result "0-1"]
[WhiteElo "1589"]
[BlackElo "1557"]
[PlyCount "60"]
[EventDate "2025.09.23"]
[EventType "tourn"]
[EventRounds "1"]
[EventCountry "POL"]
[SourceDate "2025.09.23"]

1. e4 c6 2. d4 d5 3. exd5 cxd5 4. Nf3 Nc6 5. Nc3 Bg4 6. Be2 Nf6 7. O-O e6 8. h3
Bxf3 9. Bxf3 Qb6 10. Ne2 Bd6 11. b3 O-O 12. c4 dxc4 13. bxc4 Qc7 14. Be3 Rfd8
15. c5 Bxc5 16. Qa4 Bb6 17. Rac1 Rac8 18. Rc2 Qd7 19. Rfc1 Nd5 20. Qb5 Qe7 21.
Rc4 Nxe3 22. fxe3 e5 23. Bxc6 bxc6 24. Qb3 exd4 25. Nxd4 Re8 26. Rxc6 Rxc6 27.
Nxc6 Qxe3+ 28. Kh2 Qxc1 29. Qf3 Qg1+ 30. Kg3 Re3 0-1

[Event "308th YMCA Autumn C"]
[Site "Warsaw"]
[Date "2025.10.29"]
[Round "6"]
[White "Kozera, Konrad"]
[Black "Glowacki, Mateusz"]
[Result "1-0"]
[WhiteElo "1558"]
[BlackElo "1693"]
[PlyCount "59"]
[EventDate "2025.09.23"]
[EventType "tourn"]
[EventRounds "1"]
[EventCountry "POL"]
[SourceDate "2025.09.23"]

1. e4 c5 2. Nf3 a6 3. c4 Nc6 4. d4 cxd4 5. Nxd4 e5 6. Nf5 d5 7. cxd5 Bxf5 8.
exf5 Nd4 9. Nc3 Nf6 10. Be3 Nxf5 11. Qa4+ b5 12. Nxb5 axb5 13. Bxb5+ Ke7 14.
Bc5+ Nd6 15. Qb4 Nfe8 16. Bxe8 Kxe8 17. O-O Qb8 18. Rfe1 f6 19. Qg4 Qc8 20. Qb4
Rb8 21. Qa4+ Qd7 22. Qa6 Qb5 23. Qc6+ Qxc6 24. dxc6 Nb5 25. Rac1 Kf7 26. Red1
Bxc5 27. Rxc5 Rhd8 28. Rd7+ Rxd7 29. cxd7 Ke7 30. Rc8 1-0

[Event "308th YMCA Autumn C"]
[Site "Warsaw"]
[Date "2025.10.29"]
[Round "6"]
[White "Marczukiewicz, Slawomir"]
[Black "Pichurko, Jakub"]
[Result "1-0"]
[WhiteElo "1658"]
[BlackElo "1714"]
[PlyCount "45"]
[EventDate "2025.09.23"]
[EventType "tourn"]
[EventRounds "1"]
[EventCountry "POL"]
[SourceDate "2025.09.23"]

1. c4 e6 2. d4 Nf6 3. Nc3 Bb4 4. Qc2 O-O 5. Bg5 c5 6. d5 d6 7. Nf3 h6 8. h4 e5
9. Nd2 Nbd7 10. Nde4 hxg5 11. hxg5 Nxe4 12. Qxe4 Bxc3+ 13. bxc3 f5 14. Qh4 Kf7
15. Qh5+ Ke7 16. Qg6 Nb6 17. Rh7 Rf7 18. Qh5 g6 19. Qxg6 Rxh7 20. Qxh7+ Ke8 21.
g6 Qe7 22. g7 Be6 23. dxe6 1-0

[Event "308th YMCA Autumn C"]
[Site "Warsaw"]
[Date "2025.10.31"]
[Round "6"]
[White "Alvarado, Luis"]
[Black "Kasperski, Marcin"]
[Result "1/2-1/2"]
[WhiteElo "1730"]
[BlackElo "1724"]
[PlyCount "117"]
[EventDate "2025.09.23"]
[EventType "tourn"]
[EventRounds "1"]
[EventCountry "POL"]
[SourceDate "2025.09.23"]

1. e4 d6 2. d4 g6 3. Nc3 Bg7 4. Be3 Nf6 5. f3 O-O 6. Qd2 c6 7. a4 e5 8. dxe5
dxe5 9. Qxd8 Rxd8 10. Bc4 Na6 11. Bxa6 bxa6 12. Nge2 a5 13. O-O Be6 14. Rfd1
Rd7 15. Rxd7 Nxd7 16. Rd1 Bf8 17. Nc1 Nb6 18. b3 Be7 19. Nd3 Rd8 20. Nc5 Rxd1+
21. Nxd1 Bc8 22. Nb2 f6 23. Nbd3 Bd8 24. Kf1 Kf7 25. Ke2 Ke7 26. Nb2 Bc7 27.
Bd2 Nd7 28. Nxd7 Kxd7 29. Nc4 Ba6 30. Kd1 Bxc4 31. bxc4 Bb6 32. Ke2 f5 33. Kd3
Ke6 34. Bc3 Bd8 35. Bb2 Be7 36. Bc1 Bc5 37. Bd2 Bb6 38. c5 Bd8 39. Be1 f4 40.
g3 g5 41. gxf4 gxf4 42. Ke2 Kf7 43. Kf1 Kg6 44. Kg2 Kh6 45. Kh3 Kh5 46. Bc3 Bc7
47. Bb2 Kg5 48. Bc3 Kh5 49. Be1 Bd8 50. c4 Kg6 51. Bf2 Kh5 52. Be1 Kg6 53. Kg4
h5+ 54. Kh3 Kh7 55. Bc3 Bc7 56. Kh4 Kh6 57. Kh3 Kh7 58. Be1 Bd8 59. Bc3 $11
1/2-1/2

[Event "308th YMCA Autumn C"]
[Site "Warsaw"]
[Date "2025.11.07"]
[Round "7"]
[White "Pichurko, Jakub"]
[Black "Alvarado, Luis"]
[Result "1/2-1/2"]
[WhiteElo "1714"]
[BlackElo "1730"]
[PlyCount "84"]
[EventDate "2025.09.23"]
[EventType "tourn"]
[EventRounds "1"]
[EventCountry "POL"]
[SourceDate "2025.09.23"]

1. c4 e5 2. g3 Nf6 3. Bg2 d5 4. cxd5 Nxd5 5. Nc3 Nb6 6. Nf3 Nc6 7. O-O Be7 8.
d3 Be6 9. a3 a5 10. Rb1 a4 11. Nd2 O-O 12. b4 axb3 13. Nxb3 Bxa3 14. Bxa3 Rxa3
15. Nb5 Bxb3 16. Rxb3 Ra2 17. Nc3 Ra5 18. Bxc6 bxc6 19. Qc2 f5 20. Rc1 Rc5 21.
Qb2 Qg5 22. e3 f4 23. exf4 exf4 24. Ne4 Rxc1+ 25. Qxc1 Qd5 26. Rc3 f3 27. Qg5
Qxg5 28. Nxg5 h6 29. Ne4 $11 Ra8 30. h4 Ra1+ 31. Kh2 Nd7 32. Rxc6 Ne5 33. Rc5
Nxd3 34. Rxc7 Rf1 35. Rc3 $11 Ne5 36. Rc5 Ng4+ 37. Kh3 Nxf2+ 38. Nxf2 Rxf2 39.
Kg4 Rf1 40. Rc3 f2 41. Rc2 h5+ 42. Kf3 Ra1 $11 1/2-1/2

[Event "308th YMCA Autumn C"]
[Site "Warsaw"]
[Date "2025.11.05"]
[Round "7"]
[White "Glowacki, Mateusz"]
[Black "Marczukiewicz, Slawomir"]
[Result "0-1"]
[WhiteElo "1693"]
[BlackElo "1658"]
[PlyCount "56"]
[EventDate "2025.09.23"]
[EventType "tourn"]
[EventRounds "1"]
[EventCountry "POL"]
[SourceDate "2025.09.23"]

1. e4 e5 2. f4 exf4 3. Nf3 d6 4. Bc4 Nc6 5. d4 g5 6. O-O Bg7 7. c3 Nh6 8. h4 g4
9. Ng5 f6 10. Ne6 Bxe6 11. Bxe6 f5 12. Bxf4 Qxh4 13. g3 Qh5 14. exf5 Rf8 15.
Bxh6 Bxh6 16. Qe2 Rf6 17. Rf2 Kf8 18. Nd2 Bxd2 19. Qxd2 Rh6 20. Rg2 Kg7 21. Rf1
Rf8 22. Rf4 Kh8 23. Rxg4 Qh1+ 24. Kf2 Rxe6 25. Qg5 Qe1+ 26. Kf3 Qd1+ 27. Kf2
Re2+ 28. Kf3 Qd3+ 0-1

[Event "308th YMCA Autumn C"]
[Site "Warsaw"]
[Date "2025.11.07"]
[Round "7"]
[White "Kita, Jaroslaw"]
[Black "Kozera, Konrad"]
[Result "1-0"]
[WhiteElo "1557"]
[BlackElo "1558"]
[PlyCount "53"]
[EventDate "2025.09.23"]
[EventType "tourn"]
[EventRounds "1"]
[EventCountry "POL"]
[SourceDate "2025.09.23"]

1. e4 e6 2. d4 d5 3. Nd2 Nc6 4. Ngf3 Nf6 5. e5 Nd7 6. Bd3 f6 7. exf6 Qxf6 8. c3
e5 9. dxe5 Ndxe5 10. Be2 Bd6 11. h3 Bf5 12. Nxe5 Nxe5 13. Nf3 Nxf3+ 14. Bxf3
Qe5+ 15. Qe2 O-O-O 16. Be3 Rde8 17. O-O-O d4 18. Rxd4 Qa5 19. Qc4 Qe5 20. Bf4
Qe6 21. Bxd6 Qxc4 22. Rxc4 Kd7 23. Bg3 c6 24. Bg4 Bxg4 25. Rxg4 Re2 26. Rxg7+
Ke6 27. Rxb7 1-0

[Event "308th YMCA Autumn C"]
[Site "Warsaw"]
[Date "2025.11.04"]
[Round "7"]
[White "Przybylski, Marek"]
[Black "Wiktorowski, Janusz"]
[Result "0-1"]
[WhiteElo "1668"]
[BlackElo "1589"]
[PlyCount "46"]
[EventDate "2025.09.23"]
[EventType "tourn"]
[EventRounds "1"]
[EventCountry "POL"]
[SourceDate "2025.09.23"]

1. e4 e5 2. Nf3 Nc6 3. Bc4 Bc5 4. d3 h6 5. Nc3 Nf6 6. O-O a6 7. a4 d6 8. h3 Qe7
9. Re1 Be6 10. Ba2 g5 11. Nd5 Bxd5 12. Bxd5 g4 13. hxg4 Nxg4 14. Be3 Bxe3 15.
fxe3 h5 16. Re2 O-O-O 17. Bxc6 bxc6 18. b4 d5 19. exd5 cxd5 20. b5 e4 21. Nh2
Qh4 22. Nxg4 hxg4 23. g3 Qh1+ 0-1

[Event "308th YMCA Autumn C"]
[Site "Warsaw"]
[Date "2025.11.05"]
[Round "7"]
[White "Momot, Glib"]
[Black "Gluszek, Rafal"]
[Result "1-0"]
[WhiteElo "1685"]
[BlackElo "1723"]
[PlyCount "143"]
[EventDate "2025.09.23"]
[EventType "tourn"]
[EventRounds "1"]
[EventCountry "POL"]
[SourceDate "2025.09.23"]

1. e4 Nc6 2. d4 d5 3. e5 Bf5 4. c3 e6 5. Bd3 Nge7 6. h3 h6 7. Ne2 Bxd3 8. Qxd3
Nf5 9. Ng3 g6 10. O-O Be7 11. Kh2 h5 12. Nxf5 gxf5 13. f4 Qd7 14. b4 a5 15. b5
Na7 16. a4 Nc8 17. Nd2 Nb6 18. Ba3 Bd8 19. Qg3 Be7 20. Bxe7 Qxe7 21. Qe1 h4 22.
Ra2 Rg8 23. Nf3 Rh8 24. Nd2 O-O-O 25. Nf3 Kb8 26. Ng5 Ka7 27. Nf3 Rc8 28. Rff2
Nc4 29. Rf1 c6 30. Nd2 cxb5 31. axb5 b6 32. Nxc4 Rxc4 33. Qa1 Rhc8 34. Rf3 Qc7
35. Ra3 Kb7 36. Qb2 Qd7 37. Rf1 Ra8 38. Kh1 Rcc8 39. Ra4 Qc7 40. Rf3 Rg8 41.
Kh2 Rac8 42. Qb3 Rg6 43. Ra2 Rg3 44. Rxg3 hxg3+ 45. Kxg3 Qxc3+ 46. Qxc3 Rxc3+
47. Kh4 Kc8 48. Kg5 Kd7 49. Kf6 Ke8 50. h4 Kf8 51. h5 Rc7 52. h6 Kg8 53. g4
fxg4 54. Rg2 a4 55. Rxg4+ Kh7 56. Rg3 Ra7 57. Ra3 Rc7 58. Rxa4 Kxh6 59. Ra8 Kh5
60. f5 Rc4 61. fxe6 fxe6 62. Kxe6 Rxd4 63. Rd8 Rc4 64. Rxd5 Kg6 65. Rd6 Rc1 66.
Rxb6 Rb1 67. Kd7+ Kf5 68. e6 Rd1+ 69. Rd6 Rh1 70. e7 Rh7 71. b6 Ke5 72. b7 1-0

[Event "308th YMCA Autumn C"]
[Site "Warsaw"]
[Date "2025.11.07"]
[Round "7"]
[White "Kumik, Michal"]
[Black "Milczak, Piotr"]
[Result "0-1"]
[WhiteElo "1658"]
[BlackElo "1663"]
[PlyCount "52"]
[EventDate "2025.09.23"]
[EventType "tourn"]
[EventRounds "1"]
[EventCountry "POL"]
[SourceDate "2025.09.23"]

1. e4 c6 2. d4 d5 3. e5 c5 4. c3 Nc6 5. Nf3 cxd4 6. cxd4 Bg4 7. Be2 e6 8. Be3
Nge7 9. Nbd2 Nf5 10. Qb3 Qd7 11. O-O Be7 12. Rac1 O-O 13. h3 Bxf3 14. Nxf3 Rfc8
15. g4 Nxe3 16. Qxe3 Qd8 17. a3 Na5 18. b4 Nc4 19. Bxc4 dxc4 20. Nd2 b5 21. Ne4
a5 22. Nc5 axb4 23. axb4 Qd5 24. Rfd1 h6 25. f4 Ra2 26. Qg3 Bh4 0-1

[Event "308th YMCA Autumn C"]
[Site "Warsaw"]
[Date "2025.11.13"]
[Round "8"]
[White "Wiktorowski, Janusz"]
[Black "Momot, Glib"]
[Result "0-1"]
[WhiteElo "1589"]
[BlackElo "1685"]
[PlyCount "80"]
[EventDate "2025.09.23"]
[EventType "tourn"]
[EventRounds "1"]
[EventCountry "POL"]
[SourceDate "2025.09.23"]

1. e4 c5 2. Nf3 d6 3. d4 cxd4 4. Nxd4 Nf6 5. Nc3 g6 6. Be2 Bg7 7. Be3 O-O 8.
O-O Bd7 9. f3 Nc6 10. Nb3 Rc8 11. a3 Ne8 12. Rb1 Nc7 13. Qd2 Be6 14. Nd5 b6 15.
c4 Ne5 16. Nd4 Bd7 17. Rfc1 Ne6 18. Nb5 Bxb5 19. cxb5 Re8 20. b4 Nc7 21. Nxb6
axb6 22. Bxb6 Qd7 23. f4 Bh6 24. a4 Na8 25. Be3 Ng4 26. Bxg4 Qxg4 27. g3 e5 28.
Qxd6 Rcd8 29. Qf6 exf4 30. Bxf4 Bg7 31. Qh4 Qf3 32. e5 Bxe5 33. Bxe5 Rd2 34.
Qh3 Rxe5 35. Rf1 Qe3+ 36. Kh1 Qe4+ 37. Kg1 Qd4+ 38. Kh1 Ree2 39. g4 Qe4+ 40.
Rf3 Qxb1+ 0-1

[Event "308th YMCA Autumn C"]
[Site "Warsaw"]
[Date "2025.11.12"]
[Round "8"]
[White "Kozera, Konrad"]
[Black "Przybylski, Marek"]
[Result "0-1"]
[WhiteElo "1558"]
[BlackElo "1668"]
[PlyCount "98"]
[EventDate "2025.09.23"]
[EventType "tourn"]
[EventRounds "1"]
[EventCountry "POL"]
[SourceDate "2025.09.23"]

1. e4 e5 2. Nf3 Nc6 3. Bc4 Bc5 4. c3 Nf6 5. d3 a6 6. O-O O-O 7. Re1 d6 8. Bb3
Be6 9. Bc2 Bb6 10. Bg5 h6 11. Bh4 g5 12. Bg3 Bg4 13. Nbd2 Nh5 14. Nc4 Ba7 15.
Ne3 Bxe3 16. Rxe3 Nxg3 17. fxg3 Qd7 18. h3 Bh5 19. g4 Bg6 20. Qe1 Kg7 21. Qg3
f6 22. Rf1 Nd8 23. Qf2 Ne6 24. g3 c6 25. d4 Rad8 26. Bb3 c5 27. d5 Nc7 28. Nd2
b5 29. Rf3 Qe7 30. Re1 h5 31. gxh5 Bxh5 32. g4 Bg6 33. Nf1 Rh8 34. Ng3 Rh4 35.
Rf1 Rf8 36. Bd1 Ne8 37. Kg2 Rfh8 38. Nf5+ Bxf5 39. gxf5 Rxe4 40. Rg3 Rhh4 41.
Bf3 Ref4 42. Rg4 Rhxg4+ 43. hxg4 e4 44. Re1 exf3+ 45. Kg3 Re4 46. Rh1 Qe5+ 47.
Kh3 Qf4 48. Re1 Qxg4+ 49. Kh2 Rxe1 0-1

[Event "308th YMCA Autumn C"]
[Site "Warsaw"]
[Date "2025.11.13"]
[Round "8"]
[White "Marczukiewicz, Slawomir"]
[Black "Kita, Jaroslaw"]
[Result "1/2-1/2"]
[WhiteElo "1658"]
[BlackElo "1557"]
[PlyCount "73"]
[EventDate "2025.09.23"]
[EventType "tourn"]
[EventRounds "1"]
[EventCountry "POL"]
[SourceDate "2025.09.23"]

1. d4 d5 2. Nf3 Nf6 3. e3 Bg4 4. c3 e6 5. Qa4+ Qd7 6. Bb5 c6 7. Ne5 Qc7 8. Bd3
Bh5 9. Nd2 Bd6 10. f4 Nbd7 11. O-O O-O 12. h3 Bg6 13. Nxg6 hxg6 14. Qd1 c5 15.
g4 cxd4 16. cxd4 Rac8 17. g5 Ne8 18. Nf3 Be7 19. Bd2 Nd6 20. Bb4 Rfe8 21. Bxd6
Bxd6 22. Ne5 a6 23. h4 Nb6 24. Nxg6 fxg6 25. Bxg6 Nc4 26. Qh5 Kf8 27. Bxe8 Rxe8
28. f5 Nxe3 29. fxe6+ Nxf1 30. Rxf1+ Bf4 31. Qh8+ Ke7 32. Qxg7+ Kd6 33. Qf6
Be3+ 34. Kh1 Rxe6 35. Qf8+ Qe7 36. Qb8+ Qc7 37. Qf8+ $11 1/2-1/2

[Event "308th YMCA Autumn C"]
[Site "Warsaw"]
[Date "2025.11.20"]
[Round "8"]
[White "Alvarado, Luis"]
[Black "Glowacki, Mateusz"]
[Result "0-1"]
[WhiteElo "1730"]
[BlackElo "1693"]
[PlyCount "52"]
[EventDate "2025.09.23"]
[EventType "tourn"]
[EventRounds "1"]
[EventCountry "POL"]
[SourceDate "2025.09.23"]

1. e4 c5 2. Nf3 a6 3. c3 d5 4. exd5 Nf6 5. Qa4+ Bd7 6. Qb3 b5 7. d4 c4 8. Qc2
Nxd5 9. Ne5 Nc6 10. Nxd7 Qxd7 11. Be2 e6 12. O-O Bd6 13. b3 Qc7 14. bxc4 bxc4
15. h3 O-O 16. Nd2 Na5 17. Ne4 Be7 18. Bg5 Rfc8 19. Bxe7 Qxe7 20. f4 Ne3 21.
Qd2 Nxf1 22. Rxf1 Nb7 23. f5 exf5 24. Ng5 Nd6 25. Bf3 Ra7 26. Re1 Qd8 0-1

[Event "308th YMCA Autumn C"]
[Site "Warsaw"]
[Date "2025.11.05"]
[Round "8"]
[White "Kasperski, Marcin"]
[Black "Pichurko, Jakub"]
[Result "1-0"]
[WhiteElo "1724"]
[BlackElo "1714"]
[PlyCount "71"]
[EventDate "2025.09.23"]
[EventType "tourn"]
[EventRounds "1"]
[EventCountry "POL"]
[SourceDate "2025.09.23"]

1. c4 c5 2. g3 Nc6 3. Bg2 g6 4. Nc3 Bg7 5. d3 e6 6. e4 Nge7 7. Be3 d6 8. Nge2
Nd4 9. O-O O-O 10. f4 Rb8 11. Rb1 a6 12. b4 Bd7 13. bxc5 dxc5 14. e5 Nef5 15.
Bf2 Qc7 16. Ne4 b5 17. g4 Nxe2+ 18. Qxe2 Nd4 19. Bxd4 cxd4 20. c5 Bc6 21. Rfc1
Bxe4 22. Qxe4 Rfd8 23. g5 Bf8 24. c6 a5 25. h4 Bb4 26. Qe2 Bc3 27. h5 b4 28.
Be4 Kg7 29. Kg2 a4 30. Kg3 b3 31. Qh2 Rh8 32. axb3 axb3 33. Rh1 b2 34. Qc2 Qb6
35. Qa4 Ra8 36. h6+ 1-0

[Event "308th YMCA Autumn C"]
[Site "Warsaw"]
[Date "2025.11.19"]
[Round "9"]
[White "Glowacki, Mateusz"]
[Black "Kasperski, Marcin"]
[Result "1-0"]
[WhiteElo "1693"]
[BlackElo "1724"]
[PlyCount "57"]
[EventDate "2025.09.23"]
[EventType "tourn"]
[EventRounds "1"]
[EventCountry "POL"]
[SourceDate "2025.09.23"]

1. e4 c5 2. a3 Nc6 3. b4 cxb4 4. axb4 Nxb4 5. c3 Nc6 6. d4 d5 7. exd5 Qxd5 8.
Na3 e6 9. Nb5 Bd6 10. Bc4 Qe4+ 11. Be3 Bb8 12. Nf3 Nf6 13. O-O h6 14. Re1 Qf5
15. h3 g5 16. Bd3 Qd5 17. c4 Qd8 18. d5 Ne7 19. Bd4 Neg8 20. Bf5 Bd7 21. dxe6
fxe6 22. Bxe6 Bxe6 23. Rxe6+ Kf7 24. Qe2 a6 25. Ne5+ Bxe5 26. Qxe5 axb5 27.
Rxa8 Qxa8 28. Rxf6+ Nxf6 29. Qxf6+ 1-0